Statistics for Country and Capital With the Same Letter

Click here to take the quiz!

General Stats

  • This quiz has been taken 23 times
    (5 since last reset)
  • The average score is 20 of 28

Answer Stats

HintAnswer% Correct
AAndorra / Andorra la Vella
100%
DDjibouti / Djibouti
100%
GGuatemala / Guatemala City
100%
GGuyana / Georgetown
100%
MMexico / Mexico City
100%
SSan Marino / San Marino
100%
VVatican City / Vatican City
100%
AAlgeria / Algiers
80%
BBelgium / Brussels
80%
BBrazil / Brasilia
80%
BBrunei / Bandar Seri Begawan
80%
KKuwait / Kuwait City
80%
LLuxembourg / Luxembourg
80%
MMonaco / Monaco
80%
MMozambique / Maputo
80%
PPanama / Panama City
80%
SSweden / Stockholm
80%
TTunisia / Tunis
80%
BBelize / Belmopan
60%
MMaldives / Male
60%
SSao Tomé and Principe / Sao Tomé
60%
SSingapore / Singapore
60%
TTaiwan / Taipei
60%
NNiger / Niamey
40%
PPapua New Guinea / Port Moresby
40%
SSouth Korea / Seoul
40%
BBarbados / Bridgetown
20%
MMarshall Islands / Majuro
20%

Score Distribution

Percentile by Number Answered

Percent of People with Each Score

Your Score History

You have not taken this quiz since the last reset